00244nam a2200097Ia 4500008004100000082001500041100001600056245003900072260002600111300000900137210430s9999 xx 000 0 und d a371B5541 R aJohn W.Best aResearch in EducationcJohn W.Best aIslamabadbMayoc2006 a498p